000 00613nam a22002297a 4500
003 UA-OsUOA
001 94332
007 ta
008 20130207b un ||||| |||| 00| 0 ukr d
100 _aГотье Т.
090 _a821.133.1
_bГ74
942 _cBK
040 _aUA-OsUOA
_brus
_cUA-OsUOA
_dUA-OsUOA
245 _aКапитан Фракасс
300 _a413 с.
955 _a3
041 _arus
080 _a821.133.1
260 _aМ.
_bХудожественная литература
_c1982
650 7 _a82 Література. Літературознавство
_2UDC
999 _c380580
_d380580